000
00338 a2200157 4500
001
64420
020
_a
8572325387
040
_c
Anchieta - Pituba
100
_a
José Verdasca
240
1
0
_a
Sermões escolhidos
_l
por
245
1
0
_a
Sermões escolhidos
300
_a
245
362
0
_a
2003
650
4
_a
Discurso português
942
_c
BK
999
_c
64420
_d
64420